[Event "19th Dubai Open 2017"]
[Site "Dubai UAE"]
[Date "2017.04.10"]
[Round "8.16"]
[White "Salgado Lopez, Ivan"]
[Black "Siva, Mahadevan"]
[Result "1-0"]
[WhiteTitle "GM"]
[BlackTitle "IM"]
[WhiteElo "2641"]
[BlackElo "2363"]
[WhiteFideId "2257327"]
[BlackFideId "25043153"]
[EventDate "2017.04.03"]

1. e4 c5 2. Ne2 d6 3. g3 Nc6 4. Bg2 g6 5. c3 Bg7 6. d4 cxd4 7. cxd4 Nf6 8. Nbc3
O-O 9. O-O Bd7 10. h3 Rc8 11. Be3 Qa5 12. Qd2 e5 13. d5 Ne7 14. b4 Qc7 15. a4
Qb8 16. Qd3 Nh5 17. Nb5 b6 18. g4 Nf6 19. Nbc3 Rc7 20. b5 Ne8 21. Na2 f5 22. f3
Qd8 23. Nb4 Nc8 24. Nc6 Qf6 25. a5 f4 26. Bf2 Rf7 27. Rfc1 Bf8 28. h4 h6 29. Bh3
g5 30. h5 Rb7 31. axb6 axb6 32. Ned4 Nc7 33. Nf5 Be8 34. Nfd4 Bd7 35. Nc2 Be8
36. Kh2 Kh7 37. Rcb1 Kg8 38. Qd1 Kh7 39. Na3 Be7 40. Nc4 Bd8 41. Qg1 Bxc6 42.
bxc6 Rb8 43. Nxb6 Nxb6 44. Bxb6 Ne8 45. Bf2 Bc7 46. Ra7 Rxb1 47. Qxb1 Qd8 48.
Qb7 Kg7 49. Bf1 Kf6 50. Ra8 Qe7 51. Qc8 Rf8 52. Qf5+ Kg7 53. Qg6+ Kh8 54. Qxh6+
Kg8 55. Qe6+ Qxe6 56. dxe6 Kg7 57. Bc4 Kf6 58. Bd5 Ke7 59. Ra7 Kd8 60. Kg2 1-0

[Event "19th Dubai Open 2017"]
[Site "Dubai UAE"]
[Date "2017.04.10"]
[Round "8.17"]
[White "Nitin, S."]
[Black "Mchedlishvili, Mikheil"]
[Result "0-1"]
[WhiteTitle "IM"]
[BlackTitle "GM"]
[WhiteElo "2432"]
[BlackElo "2602"]
[WhiteFideId "5018277"]
[BlackFideId "13600966"]
[EventDate "2017.04.03"]

1. e4 d6 2. d4 g6 3. Nc3 Bg7 4. Be3 a6 5. Qd2 b5 6. h4 Nf6 7. Bh6 Bxh6 8. Qxh6
Nbd7 9. h5 Bb7 10. hxg6 fxg6 11. Nf3 e5 12. dxe5 dxe5 13. a4 b4 14. Bc4 Qe7 15.
Nd5 Bxd5 16. Bxd5 O-O-O 17. O-O-O Qc5 18. Qh3 Qe7 19. Qe6 Qxe6 20. Bxe6 Rde8 21.
Bxd7+ Nxd7 22. Rd5 c6 23. Rd6 Kc7 24. Rhd1 Nc5 25. Rf6 Rhf8 26. Rxf8 Rxf8 27.
Rh1 h5 28. Re1 Rf4 29. b3 Rg4 30. g3 Rxe4 31. Rxe4 Nxe4 32. Nxe5 Nxf2 33. Nxg6
Ne4 34. Kd1 Nxg3 35. Kd2 Kd6 36. Ke3 Nf5+ 37. Ke4 h4 38. Nf4 Ne7 39. Nh3 c5 40.
Nf4 Nc6 0-1

[Event "19th Dubai Open 2017"]
[Site "Dubai UAE"]
[Date "2017.04.10"]
[Round "8.18"]
[White "Tari, Aryan"]
[Black "Laxman, R.R."]
[Result "1-0"]
[WhiteTitle "GM"]
[BlackTitle "GM"]
[WhiteElo "2597"]
[BlackElo "2403"]
[WhiteFideId "1510045"]
[BlackFideId "5005361"]
[EventDate "2017.04.03"]

1. c4 e6 2. Nc3 d5 3. d4 Bb4 4. a3 Bxc3+ 5. bxc3 Nf6 6. e3 c6 7. Bd3 O-O 8. Ne2
b6 9. O-O Ba6 10. cxd5 Bxd3 11. Qxd3 cxd5 12. f3 Nbd7 13. Ng3 h5 14. Bd2 h4 15.
Nh1 Re8 16. Nf2 Nf8 17. e4 Nh5 18. e5 f5 19. f4 Rc8 20. Qh3 Nh7 21. Nd3 g5 22.
g4 Nxf4 23. Nxf4 gxf4 24. gxf5 Ng5 25. Qg2 h3 26. Qg4 exf5 27. Qxf4 Rc7 28. Kh1
Ne4 29. Rg1+ Kh8 30. Rg6 Nxd2 31. Rh6+ Kg8 32. Rg1+ Rg7 33. Rxg7+ Kxg7 34. Rf6 1-0

[Event "19th Dubai Open 2017"]
[Site "Dubai UAE"]
[Date "2017.04.10"]
[Round "8.19"]
[White "Pantsulaia, Levan"]
[Black "D'Costa, Lorin A R"]
[Result "1-0"]
[WhiteTitle "GM"]
[BlackTitle "IM"]
[WhiteElo "2589"]
[BlackElo "2390"]
[WhiteFideId "13602071"]
[BlackFideId "409219"]
[EventDate "2017.04.03"]

1. Nf3 d5 2. g3 g6 3. c4 d4 4. d3 Bg7 5. b4 e5 6. Nbd2 Ne7 7. Bg2 O-O 8. Nb3 Nd7
9. O-O Rb8 10. a4 b6 11. b5 Bb7 12. Ba3 Re8 13. Qc2 c5 14. bxc6 Bxc6 15. Rfb1
Qc7 16. a5 Nf5 17. axb6 axb6 18. Nfd2 Bxg2 19. Kxg2 Qc6+ 20. Ne4 Nf6 21. Kg1 h5
22. Nbd2 Nd5 23. Bb2 b5 24. Qb3 Nc7 25. Ba3 Bh6 26. Nf3 Qe6 27. Bc5 Bg7 28. Ra5
b4 29. Qa4 Ra8 30. Rxb4 h4 31. Nfg5 Rxa5 32. Qxa5 Qc8 33. Qa7 f6 34. Rb7 Ne6 35.
Rxg7+ 1-0

[Event "19th Dubai Open 2017"]
[Site "Dubai UAE"]
[Date "2017.04.10"]
[Round "8.20"]
[White "Iniyan, P"]
[Black "Abasov, Nijat"]
[Result "1/2-1/2"]
[BlackTitle "GM"]
[WhiteElo "2399"]
[BlackElo "2588"]
[WhiteFideId "25002767"]
[BlackFideId "13402960"]
[EventDate "2017.04.03"]

1. d4 Nf6 2. c4 e6 3. Nc3 Bb4 4. Nf3 b6 5. e3 Ne4 6. Qc2 Bb7 7. Bd3 Bxc3+ 8.
bxc3 f5 9. O-O O-O 10. Nd2 Qh4 11. f3 Nxd2 12. Bxd2 Nc6 13. Be1 Qh6 14. Qe2 d6
15. Bf2 Rae8 16. Qc2 Na5 17. c5 dxc5 18. dxc5 Qg6 19. Bg3 e5 20. e4 f4 21. Bf2
Qe6 22. Rfd1 g5 23. Be2 Rd8 24. Rd2 Rxd2 25. Qxd2 Bc6 26. Rd1 b5 27. Qb2 Nc4 28.
Qb3 Kf7 29. Bxc4 Qxc4 30. Qa3 Qa4 31. Qxa4 bxa4 32. Rb1 Rd8 33. Be1 Ke6 34. Kf2
a6 35. c4 Rd4 36. Rc1 g4 37. Ke2 Rd8 38. Rb1 Rd4 39. Rc1 h5 40. Ba5 Rd7 41. Rd1 1/2-1/2

[Event "19th Dubai Open 2017"]
[Site "Dubai UAE"]
[Date "2017.04.10"]
[Round "8.21"]
[White "Antipov, Mikhail Al."]
[Black "Rathnakaran, K."]
[Result "0-1"]
[WhiteTitle "GM"]
[BlackTitle "IM"]
[WhiteElo "2586"]
[BlackElo "2383"]
[WhiteFideId "4107012"]
[BlackFideId "5005507"]
[EventDate "2017.04.03"]

1. e4 e6 2. d4 d5 3. Nd2 Nf6 4. e5 Nfd7 5. Bd3 c5 6. c3 Nc6 7. Ngf3 g6 8. a3 f6
9. exf6 Qxf6 10. Nf1 cxd4 11. cxd4 Bg7 12. Bg5 Qf7 13. Ne3 Nxd4 14. Nxd4 Bxd4
15. Ng4 h5 16. Qc2 Qg7 17. Rc1 Kf7 18. Ne3 Bxb2 19. O-O Bxc1 20. Rxc1 Rf8 21. f4
Nb6 22. g4 Bd7 23. Qe2 e5 24. gxh5 e4 25. Bxe4 dxe4 26. Qa2+ Ke8 27. Rc5 Rf7 28.
Qd2 gxh5 29. Qd6 Re7 30. Rc7 Rc8 31. Nf5 Qa1+ 32. Kg2 Re6 33. Rxc8+ Nxc8 34. Qc7
Qb2+ 35. Kg3 Qxa3+ 36. Kh4 Rd6 37. Qd8+ Kf7 38. Nh6+ Rxh6 39. Qxd7+ Ne7 40. Bxh6
Qa6 0-1

[Event "19th Dubai Open 2017"]
[Site "Dubai UAE"]
[Date "2017.04.10"]
[Round "8.22"]
[White "Xu, Yinglun"]
[Black "Ahmadzada, Ahmad"]
[Result "1-0"]
[BlackTitle "FM"]
[WhiteElo "2557"]
[BlackElo "2355"]
[WhiteFideId "8604940"]
[BlackFideId "13413007"]
[EventDate "2017.04.03"]

1. d4 Nf6 2. c4 e6 3. Nc3 Bb4 4. e3 c5 5. Bd3 Nc6 6. Nf3 Bxc3+ 7. bxc3 d6 8. e4
e5 9. d5 Ne7 10. h3 h6 11. Ng1 Bd7 12. Ne2 Ng6 13. O-O Qc7 14. Kh2 O-O-O 15. a4
Kb8 16. a5 Bc8 17. Ra2 Rde8 18. Bc2 Nf4 19. Nxf4 exf4 20. Bxf4 g5 21. Bg3 Nxe4
22. Bxe4 Rxe4 23. f3 Re3 24. Re1 Rhe8 25. Rxe3 Rxe3 26. f4 Qe7 27. Qh5 Qf6 28.
fxg5 hxg5 29. Rf2 Bf5 30. Qg4 Bxg4 31. Rxf6 Bh5 32. Rxd6 Kc8 33. a6 bxa6 34.
Rc6+ Kd8 35. Rxc5 Rxc3 36. Be5 Rc2 37. d6 Bf3 38. Kg1 Rxg2+ 39. Kf1 Rc2 40. Rc7
Bg2+ 41. Ke1 Rc1+ 42. Kf2 Bxh3 43. Bf6+ Ke8 44. Re7+ Kf8 45. d7 Bxd7 46. Rxd7
Kg8 47. Rd4 a5 48. Bxg5 Rc2+ 49. Ke3 a4 50. Kd3 Rg2 51. Bf6 Rf2 52. Rd6 a5 53.
Ra6 a3 54. Bc3 1-0

[Event "19th Dubai Open 2017"]
[Site "Dubai UAE"]
[Date "2017.04.10"]
[Round "8.23"]
[White "Tissir, Mohamed"]
[Black "Pichot, Alan"]
[Result "0-1"]
[WhiteTitle "IM"]
[BlackTitle "GM"]
[WhiteElo "2364"]
[BlackElo "2556"]
[WhiteFideId "9000240"]
[BlackFideId "110973"]
[EventDate "2017.04.03"]

1. e4 c5 2. Nc3 e6 3. Nf3 Nc6 4. d4 cxd4 5. Nxd4 Qc7 6. f4 a6 7. Nxc6 bxc6 8.
Bd3 d5 9. Qe2 Nf6 10. O-O Be7 11. Kh1 O-O 12. b3 c5 13. e5 Nd7 14. Nd1 Bb7 15.
Ne3 f5 16. exf6 Bxf6 17. Rb1 e5 18. fxe5 Nxe5 19. Ng4 Nxd3 20. Nxf6+ Rxf6 21.
Rxf6 gxf6 22. Qxd3 d4 23. Bh6 Kh8 24. Rf1 Rg8 25. Rf2 Qe5 26. Kg1 Rg4 27. Qf1
Qe4 28. Bf4 Qe6 29. h3 Rg6 30. Kh2 Be4 31. Bc7 f5 32. Bf4 h6 33. Qe2 Qe7 34. Qc4
Kh7 35. a3 Qg7 36. Qe2 Qb7 37. Qd2 Qb5 38. b4 Qc4 39. bxc5 Qxc5 40. Kh1 Qxa3 41.
Kh2 Qc5 42. Bg3 a5 43. Qf4 a4 44. Qb8 a3 45. Qb3 Qc3 46. Qxc3 dxc3 47. Be5 Rc6
48. Rf1 Bxc2 49. Ra1 Be4 50. Rxa3 c2 51. Ra7+ Kg8 52. Ra8+ Kf7 53. Ra7+ Ke6 54.
Bf4 c1=Q 55. Bxc1 Rxc1 56. Rh7 Rc2 57. Rxh6+ Kf7 58. Kg3 Rxg2+ 59. Kf4 Rg6 60.
Rh7+ Kf6 61. Ra7 Rh6 62. Ra6+ Kg7 63. Ra3 Kg6 64. Ra7 Rxh3 0-1

[Event "19th Dubai Open 2017"]
[Site "Dubai UAE"]
[Date "2017.04.10"]
[Round "8.24"]
[White "Sunilduth Lyna, Narayanan"]
[Black "Sidhant, Mohapatra"]
[Result "1-0"]
[WhiteTitle "GM"]
[WhiteElo "2551"]
[BlackElo "2341"]
[WhiteFideId "5058422"]
[BlackFideId "5028698"]
[EventDate "2017.04.03"]

1. e4 e5 2. Nf3 Nc6 3. Bb5 a6 4. Ba4 Nf6 5. O-O b5 6. Bb3 Bb7 7. Re1 Bc5 8. c3
d6 9. d4 Bb6 10. a4 h6 11. Be3 O-O 12. d5 Na7 13. Bxb6 cxb6 14. axb5 Nxb5 15.
Nbd2 Na7 16. Bc2 Qc7 17. Bd3 Nc8 18. Ra3 Ne7 19. Bf1 a5 20. b4 Ba6 21. bxa5 bxa5
22. c4 Nd7 23. Qa1 Nc5 24. Rxa5 Bb7 25. Rxa8 Rxa8 26. Qc3 Bc8 27. Rb1 Ra2 28.
Ra1 Qa7 29. Rxa2 Qxa2 30. h3 Ng6 31. g3 Nf8 32. Kg2 Nfd7 33. Ne1 Nf6 34. Qe3 Ba6
35. Be2 Nfd7 36. Nd3 Qa3 37. Kf3 Qa1 38. Kg2 Qa3 39. Qf3 Qa2 40. Nxc5 Nxc5 41.
Qc3 g6 42. h4 h5 43. Bd1 Kg7 44. Bc2 Kg8 45. Bb1 Qa4 46. Qb2 Qd7 47. Qb6 Bc8 48.
Bc2 Kg7 49. Kg1 Ba6 50. Nb3 Bxc4 51. Nxc5 dxc5 52. Qxc5 Be2 53. Kg2 Qg4 54. Qc3
Kh7 55. Qe3 Ba6 56. Bd3 Bc8 57. Be2 Qd7 58. Qc3 f6 59. Qc5 g5 60. hxg5 h4 61.
gxf6 hxg3 62. Qe7+ Kg6 63. Bh5+ Kh6 64. Qxd7 Bxd7 65. Kxg3 1-0

[Event "19th Dubai Open 2017"]
[Site "Dubai UAE"]
[Date "2017.04.10"]
[Round "8.25"]
[White "Mastrovasilis, Athanasios"]
[Black "Kulkarni, Rakesh"]
[Result "1/2-1/2"]
[WhiteTitle "GM"]
[WhiteElo "2524"]
[BlackElo "2325"]
[WhiteFideId "4201990"]
[BlackFideId "5037077"]
[EventDate "2017.04.03"]

1. c4 Nf6 2. Nc3 e5 3. Nf3 Nc6 4. a3 d5 5. cxd5 Nxd5 6. Qc2 Be7 7. e3 a6 8. Nxd5
Qxd5 9. Bd3 Bd7 10. b4 O-O 11. Bxh7+ Kh8 12. Be4 Qe6 13. Bb2 Bd6 14. Ng5 Qh6 15.
h4 f6 16. Nf3 a5 17. b5 Ne7 18. d4 exd4 19. Nxd4 f5 20. Bd3 c6 21. b6 Nd5 22.
O-O-O f4 23. e4 f3+ 24. Kb1 fxg2 25. exd5 gxh1=Q 26. Rxh1 cxd5 27. Rg1 Be5 28.
Rg5 Bf6 29. Rxd5 Rad8 30. Qc5 Bg4 31. Ne6 Rc8 32. Qxf8+ Rxf8 33. Nxf8 Bxb2 34.
Ng6+ Kg8 35. Kxb2 Kf7 36. Rg5 Bh5 37. Rf5+ Ke6 38. Nf4+ Ke7 39. Nxh5 Qd2+ 40.
Bc2 g6 41. Rg5 Qd4+ 42. Kc1 gxh5 43. Rxh5 Qxb6 44. Rf5 Qh6+ 45. Kb1 Qxh4 46.
Rxa5 Qxf2 47. Ra4 Kd6 48. Rb4 b6 49. Kb2 Kc5 50. Kb1 Qe1+ 51. Kb2 Qe5+ 52. Kb1
Qc3 53. Rb3 Qe1+ 54. Kb2 Qe5+ 55. Kb1 Qf6 56. Rb4 Qe5 57. Bb3 b5 58. Bc2 Qc3 59.
Rb3 Qe1+ 60. Kb2 Qe5+ 61. Ka2 Qe2 62. Kb2 Qe1 63. Rb4 Qe5+ 64. Kb1 Qe1+ 65. Kb2
Qxb4+ 66. axb4+ Kxb4 67. Bd3 Kc5 68. Bxb5 1/2-1/2

[Event "19th Dubai Open 2017"]
[Site "Dubai UAE"]
[Date "2017.04.10"]
[Round "8.26"]
[White "Kuybokarov, Temur"]
[Black "Harikrishnan, A. Ra"]
[Result "1-0"]
[WhiteTitle "IM"]
[WhiteElo "2504"]
[BlackElo "2305"]
[WhiteFideId "14203049"]
[BlackFideId "5081483"]
[EventDate "2017.04.03"]

1. d4 Nf6 2. Bg5 Ne4 3. Bf4 c5 4. e3 Qb6 5. Nc3 Nxc3 6. bxc3 d5 7. Nf3 e6 8. Be2
Bd6 9. Rb1 Qc7 10. Bxd6 Qxd6 11. c4 dxc4 12. Bxc4 cxd4 13. exd4 Qc7 14. Qe2 Qa5+
15. Qd2 Qxd2+ 16. Kxd2 O-O 17. Bd3 Nd7 18. a4 b6 19. Be4 Rb8 20. a5 Bb7 21. Bxb7
Rxb7 22. axb6 axb6 23. Rb3 Rc8 24. Rhb1 Rbc7 25. R1b2 f6 26. Ne1 e5 27. c3 Rc4
28. Nc2 exd4 29. cxd4 Kf7 30. Rb4 Rxb4 31. Rxb4 Ra8 32. g4 h5 33. h3 Ra5 34. f4
hxg4 35. hxg4 b5 36. Kd3 Nb6 37. Ke4 Ke6 38. Ne3 g6 39. f5+ gxf5+ 40. gxf5+ Kd6
41. Rb1 Kc6 42. Rc1+ Kd6 43. Rc5 Ra8 44. Rxb5 Re8+ 45. Kf3 Kc6 46. Rc5+ Kd6 47.
Ng4 Nd7 48. Ra5 Rc8 49. Ra6+ Rc6 50. Ra8 Rc3+ 51. Ke4 Rc1 52. Re8 Re1+ 53. Ne3
Kc7 54. Kf4 Rh1 55. Nd5+ Kb7 56. Rg8 Rf1+ 57. Ke4 Kc6 58. Re8 Re1+ 59. Ne3 Kc7
60. Kf3 Rh1 61. Nd5+ Kd6 62. Ne3 Kc7 63. Re6 Kd8 64. Ke4 Re1 65. Kd5 Kc7 66. Nc4
Ra1 67. Rc6+ Kd8 68. Ke6 Re1+ 69. Kd6 Nf8 70. Nb6 Ke8 71. Nd5 Nh7 72. Rc7 Ng5
73. Nxf6+ Kf8 74. Nh7+ Nxh7 75. Rxh7 Rf1 76. Ke6 Kg8 77. Rd7 1-0

[Event "19th Dubai Open 2017"]
[Site "Dubai UAE"]
[Date "2017.04.10"]
[Round "8.27"]
[White "Saeed, Ishaq"]
[Black "Stany, G.A."]
[Result "0-1"]
[WhiteTitle "FM"]
[BlackTitle "IM"]
[WhiteElo "2360"]
[BlackElo "2495"]
[WhiteFideId "9301453"]
[BlackFideId "5029104"]
[EventDate "2017.04.03"]

1. d4 Nf6 2. c4 e6 3. g3 Bb4+ 4. Bd2 a5 5. Bg2 O-O 6. e4 d6 7. Nc3 e5 8. a3 Bxc3
9. bxc3 exd4 10. cxd4 Nxe4 11. Be3 Re8 12. Ne2 d5 13. cxd5 Nd7 14. O-O Ndf6 15.
Qb1 Qxd5 16. Nf4 Qd6 17. d5 b6 18. Rc1 Bb7 19. Rc4 g5 20. Bxe4 Nxe4 21. Rxe4
gxf4 22. Rxf4 Qxd5 23. Rg4+ Kf8 24. Bh6+ Ke7 25. Qe1+ Kd7 26. Qd2 Qxd2 27. Bxd2
Bd5 28. Rh4 c5 29. Be3 Be4 30. Rf4 Bg6 31. h4 Kc6 32. g4 h5 33. Kh2 hxg4 34.
Rxg4 Rad8 35. Kg3 Rd5 36. Rf4 Re6 37. a4 Rde5 38. Rd1 Rd5 39. Rh1 Bh5 40. Kh2
Rde5 41. Rg1 Bg6 42. Rgg4 Re4 43. Kg3 Rb4 44. Rg5 Rxf4 45. Bxf4 Re1 46. Kh2 Re4
47. Kg3 Rxa4 48. h5 Bc2 49. h6 Ra1 50. Kg2 a4 51. Rg7 a3 52. Rxf7 a2 53. Ra7 b5
54. Be5 Re1 55. Bc3 Be4+ 56. f3 Re2+ 57. Kg3 Bd3 58. h7 Bxh7 59. Rxh7 b4 60. Bf6
c4 61. Ra7 b3 62. f4 b2 63. Rxa2 Re3+ 64. Kf2 b1=Q 65. Ra6+ Kb7 66. Kxe3 Kxa6
67. Kd4 0-1

[Event "19th Dubai Open 2017"]
[Site "Dubai UAE"]
[Date "2017.04.10"]
[Round "8.28"]
[White "Dhulipalla, Bala Chandra Prasad"]
[Black "Salomon, Johan"]
[Result "0-1"]
[BlackTitle "IM"]
[WhiteElo "2337"]
[BlackElo "2487"]
[WhiteFideId "25005812"]
[BlackFideId "1509500"]
[EventDate "2017.04.03"]

1. d4 Nf6 2. Bf4 d5 3. e3 c5 4. Nf3 Nc6 5. Nbd2 e6 6. c3 cxd4 7. exd4 Nh5 8. Bg5
f6 9. Be3 Bd6 10. g3 O-O 11. Bd3 Qe8 12. Be2 f5 13. Nh4 Nf6 14. Ng2 Bd7 15. O-O
h6 16. h4 a6 17. a4 Rc8 18. Re1 Qf7 19. Bf4 Bxf4 20. Nxf4 g5 21. hxg5 hxg5 22.
Nd3 g4 23. Kg2 Kg7 24. Nf4 Rh8 25. Bd3 Nh5 26. Nxh5+ Rxh5 27. f4 Rch8 28. Nf1
Qf6 29. Kf2 Nxd4 30. cxd4 Qxd4+ 31. Re3 Rh1 32. Qb3 R8h2+ 33. Nxh2 Rxh2+ 34. Kg1
Rxb2 35. Qxb2 Qxb2 36. Rae1 d4 37. R3e2 Qc3 0-1

[Event "19th Dubai Open 2017"]
[Site "Dubai UAE"]
[Date "2017.04.10"]
[Round "8.29"]
[White "Hesham, Abdelrahman"]
[Black "Santos Ruiz, Miguel"]
[Result "1-0"]
[WhiteTitle "GM"]
[BlackTitle "IM"]
[WhiteElo "2348"]
[BlackElo "2480"]
[WhiteFideId "10600183"]
[BlackFideId "22291482"]
[EventDate "2017.04.03"]

1. d4 Nf6 2. c4 e6 3. Nf3 d5 4. Bg5 dxc4 5. Nc3 a6 6. a4 Nc6 7. e3 Na5 8. Ne5 c5
9. dxc5 Qc7 10. Nxc4 Qxc5 11. Bxf6 gxf6 12. Nxa5 Qxa5 13. Be2 Bd7 14. O-O Bc6
15. Bf3 Rc8 16. Bxc6+ Rxc6 17. Qf3 Bg7 18. Rad1 O-O 19. Rd7 Qb4 20. Ne2 Qxb2 21.
Nd4 Rc1 22. Qxb7 Rxf1+ 23. Kxf1 Qa1+ 24. Ke2 Qxa4 25. g3 f5 26. Kf1 Qc4+ 27. Kg2
Qc8 28. Rxf7 Qxb7+ 29. Rxb7 Bxd4 30. exd4 Rd8 31. Re7 Rd6 32. Kf3 Kf8 33. Rxh7
Rxd4 34. Ra7 Ra4 35. h4 Ra2 36. h5 e5 37. h6 Kg8 38. Rg7+ Kh8 39. Rf7 f4 40. g4
e4+ 41. Kxe4 Rxf2 42. g5 1-0

[Event "19th Dubai Open 2017"]
[Site "Dubai UAE"]
[Date "2017.04.10"]
[Round "8.30"]
[White "Visakh, N R"]
[Black "Ashwath, R."]
[Result "1-0"]
[WhiteTitle "IM"]
[WhiteElo "2464"]
[BlackElo "2242"]
[WhiteFideId "25012223"]
[BlackFideId "5021049"]
[EventDate "2017.04.03"]

1. e4 c5 2. Nf3 Nc6 3. Bb5 g6 4. Bxc6 bxc6 5. O-O Bg7 6. Re1 Nf6 7. e5 Nd5 8. c4
Nc7 9. Nc3 O-O 10. d4 cxd4 11. Qxd4 Ne6 12. Qh4 f6 13. exf6 exf6 14. Bd2 f5 15.
Qxd8 Rxd8 16. Na4 d5 17. Ba5 Re8 18. Bc3 Bb7 19. Bxg7 Kxg7 20. Rad1 Rad8 21. h4
h6 22. Re3 Kf6 23. cxd5 cxd5 24. Nc3 d4 25. Nxd4 Nxd4 26. Rxe8 Nf3+ 27. gxf3
Rxe8 28. Rd6+ Ke5 29. Rd3 Kf6 30. Nd5+ Bxd5 31. Rxd5 Re2 32. Rb5 h5 33. Rb7 f4
34. a4 a5 35. Kf1 Rc2 36. Rb6+ Kg7 37. Ke1 Rc1+ 38. Kd2 Rf1 39. Ke2 Rh1 40. Rc6
Rb1 41. Rb6 Rh1 42. b4 Ra1 43. bxa5 Rxa4 44. a6 Ra1 45. Kd3 g5 46. hxg5 h4 47.
Rh6 h3 48. Ke4 h2 49. Rxh2 Kg6 50. Rh6+ Kxg5 51. Rb6 Ra5 52. Kd4 Ra3 53. Kc4 Kh4
54. Rh6+ Kg5 55. Rc6 Kh4 56. Kb5 Rb3+ 57. Ka4 Rb2 58. Rc3 1-0

[Event "19th Dubai Open 2017"]
[Site "Dubai UAE"]
[Date "2017.04.10"]
[Round "8.32"]
[White "Debashis, Das"]
[Black "Khalafova, Narmin"]
[Result "1-0"]
[WhiteTitle "GM"]
[BlackTitle "WIM"]
[WhiteElo "2501"]
[BlackElo "2303"]
[WhiteFideId "5024854"]
[BlackFideId "13402625"]
[EventDate "2017.04.03"]

1. d4 d5 2. c4 c6 3. Nf3 Nf6 4. e3 Bf5 5. Nc3 a6 6. Bd2 e6 7. Nh4 Bg4 8. Qb3 b5
9. cxd5 cxd5 10. h3 Bh5 11. g4 Bg6 12. Nxg6 hxg6 13. g5 Nfd7 14. e4 Nc6 15. Be3
Na5 16. Qd1 Bb4 17. exd5 exd5 18. Bg2 Nb6 19. Kf1 Kf8 20. Ne2 Nac4 21. Bc1 Be7
22. h4 Nd6 23. Ng3 Qc8 24. Bf4 Nf5 25. Rc1 Qe6 26. Nxf5 Qxf5 27. Qf3 Rc8 28. Re1
Rc4 29. Bh3 Qc2 30. Re2 Qd1+ 31. Kg2 Qxd4 32. Bg3 Qc5 33. Rhe1 Re4 34. Rxe4 dxe4
35. Rxe4 Kg8 36. b4 1-0

[Event "19th Dubai Open 2017"]
[Site "Dubai UAE"]
[Date "2017.04.10"]
[Round "8.33"]
[White "Deepan, Chakkravarthy J."]
[Black "Arjun, Kalyan"]
[Result "0-1"]
[WhiteTitle "GM"]
[WhiteElo "2483"]
[BlackElo "2280"]
[WhiteFideId "5011132"]
[BlackFideId "35018701"]
[EventDate "2017.04.03"]

1. d4 d5 2. c4 c6 3. Nf3 Nf6 4. Qb3 dxc4 5. Qxc4 Bg4 6. e3 Nbd7 7. Be2 e6 8. Nc3
Be7 9. O-O O-O 10. Rd1 h6 11. Bd2 Bf5 12. a4 a5 13. Rac1 Qb6 14. Qa2 Nd5 15.
Nxd5 exd5 16. Ne1 Bd6 17. h3 Nf6 18. Nd3 Ne4 19. Be1 Rfe8 20. Bf1 Re6 21. g4 Bh7
22. Bg2 f5 23. Nc5 Re7 24. b4 axb4 25. Rb1 Nxc5 26. Bxb4 Qc7 27. dxc5 Bh2+ 28.
Kh1 fxg4 29. hxg4 Bxb1 30. Rxb1 Kh8 31. Qc2 Be5 32. Bd2 Qd7 33. f4 Bxf4 34. exf4
Qxg4 35. Bf1 Rae8 36. Bc3 Re2 37. Bxg7+ Kg8 38. Bxe2 Rxe2 39. Qxe2 Qxe2 40. Rxb7
Qf1+ 41. Kh2 Qxf4+ 42. Kh3 Qxa4 43. Bxh6 Qa3+ 44. Kg4 Qxc5 45. Rd7 d4 46. Bf4
Qc4 47. Kf5 d3 48. Bg5 Qc5+ 49. Kg4 Kf8 50. Bf4 Qb5 51. Bg5 c5 52. Rd6 c4 53.
Bd2 Qe5 54. Bb4 Ke8 55. Kf3 Qb2 56. Ba5 Qb7+ 57. Kf4 Qb8 58. Ke5 Ke7 59. Kd4 0-1

[Event "19th Dubai Open 2017"]
[Site "Dubai UAE"]
[Date "2017.04.10"]
[Round "8.34"]
[White "Dodeja, Pawan"]
[Black "Kotanjian, Tigran"]
[Result "0-1"]
[BlackTitle "GM"]
[WhiteElo "2235"]
[BlackElo "2469"]
[WhiteFideId "5012686"]
[BlackFideId "13301250"]
[EventDate "2017.04.03"]

1. e4 c5 2. Nf3 Nc6 3. d4 cxd4 4. Nxd4 g6 5. Nxc6 bxc6 6. Qd4 Nf6 7. e5 Nd5 8.
e6 f6 9. exd7+ Qxd7 10. Be2 e5 11. Qa4 Bg7 12. O-O O-O 13. Rd1 Qc7 14. c4 Ne7
15. Bd2 Nf5 16. c5 Be6 17. Bc4 Bxc4 18. Qxc4+ Qf7 19. Na3 Rfd8 20. Ba5 Rd4 21.
Rxd4 Nxd4 22. Kf1 Re8 23. b4 Bf8 24. Rd1 g5 25. Rd3 h5 26. Rd2 Qxc4+ 27. Nxc4
Kf7 28. Bc7 Ke6 29. f3 Rc8 30. Ba5 Rb8 31. a3 Rb7 32. Rd3 Rd7 33. Kf2 g4 34.
fxg4 hxg4 35. h3 Kd5 36. Rc3 g3+ 37. Kf1 f5 38. Nxe5 Kxe5 39. Rxg3 f4 40. Rg8
Be7 41. Rc8 Kd5 42. Bc7 Bh4 43. Bd6 Nb5 44. Rf8 Nxd6 45. Rxf4 Rf7 0-1

[Event "19th Dubai Open 2017"]
[Site "Dubai UAE"]
[Date "2017.04.10"]
[Round "8.35"]
[White "Shyaamnikhil, P"]
[Black "Sankalp, Gupta"]
[Result "1-0"]
[WhiteTitle "IM"]
[WhiteElo "2454"]
[BlackElo "2265"]
[WhiteFideId "5024218"]
[BlackFideId "5097010"]
[EventDate "2017.04.03"]

1. c4 e5 2. Nc3 Bb4 3. g3 Bxc3 4. bxc3 Nf6 5. Bg2 d6 6. Nf3 O-O 7. O-O h6 8. d3
Nc6 9. e4 Be6 10. h3 Qd7 11. Kh2 Nh7 12. Rb1 Rab8 13. Nh4 Ne7 14. f4 exf4 15.
gxf4 f5 16. Rg1 fxe4 17. dxe4 Bxc4 18. Bf3 Nf6 19. Rb2 Kh8 20. Rbg2 Rg8 21. Be3
c5 22. Rd2 Qc7 23. Rxd6 Rbd8 24. e5 Nfd5 25. Bxd5 Bxd5 26. c4 Be4 27. Qd2 Nf5
28. Nxf5 Bxf5 29. Bxc5 b6 30. Bb4 Rc8 31. Rd4 Qf7 32. Rc1 Be6 33. c5 bxc5 34.
Rxc5 Rxc5 35. Bxc5 Qf5 36. Qd3 Qxd3 37. Rxd3 Bxa2 38. f5 Bb1 39. Rf3 Rc8 40. Bd6
a5 41. f6 gxf6 42. exf6 Be4 43. Rf2 Bd5 44. f7 Bxf7 45. Rxf7 Rc6 46. Be5+ Kg8
47. Rg7+ Kf8 48. Ra7 Re6 49. Rxa5 Kf7 50. Bf4 Kg6 51. Kg3 Re1 52. Ra6+ Kf5 53.
Bxh6 1-0

[Event "19th Dubai Open 2017"]
[Site "Dubai UAE"]
[Date "2017.04.10"]
[Round "8.36"]
[White "Rayes, Abdul Kader"]
[Black "Pascua, Haridas"]
[Result "1/2-1/2"]
[BlackTitle "IM"]
[WhiteElo "2232"]
[BlackElo "2441"]
[WhiteFideId "7600801"]
[BlackFideId "5203953"]
[EventDate "2017.04.03"]

1. d4 Nf6 2. g3 g6 3. Bg2 Bg7 4. e4 d6 5. Nc3 O-O 6. Nge2 Nbd7 7. O-O e5 8. h3
exd4 9. Nxd4 Re8 10. Re1 Nc5 11. Nb3 Nxb3 12. axb3 a6 13. Bf4 Bd7 14. Qd2 Qc8
15. Kh2 Bc6 16. Nd5 Nd7 17. Rad1 a5 18. Bg5 Bxd5 19. exd5 f6 20. Be3 b6 21. Bd4
Nc5 22. Bxc5 Rxe1 23. Rxe1 bxc5 24. Re7 Kf8 25. Qe3 Qd8 26. Re6 Qd7 27. h4 Re8
28. h5 Kf7 29. c4 Qc8 30. hxg6+ hxg6 31. Rxe8 Qxe8 32. Qxe8+ 1/2-1/2